| 000 -LEADER |
| fixed length control field |
01336 a2200241 4500 |
| 003 - CONTROL NUMBER IDENTIFIER |
| control field |
Nust |
| 005 - DATE AND TIME OF LATEST TRANSACTION |
| control field |
20221116152011.0 |
| 010 ## - LIBRARY OF CONGRESS CONTROL NUMBER |
| LC control number |
94043230 |
| 020 ## - INTERNATIONAL STANDARD BOOK NUMBER |
| International Standard Book Number |
0521308313 (hardback) |
| 020 ## - INTERNATIONAL STANDARD BOOK NUMBER |
| International Standard Book Number |
0521484030 (pbk.) |
| 040 ## - CATALOGING SOURCE |
| Transcribing agency |
Nust |
| 082 00 - DEWEY DECIMAL CLASSIFICATION NUMBER |
| Classification number |
621.36,DAV |
| 100 1# - MAIN ENTRY--PERSONAL NAME |
| Personal name |
Davis, Christopher C., |
| 9 (RLIN) |
102720 |
| 245 10 - TITLE STATEMENT |
| Title |
Lasers and electro-optics : |
| Remainder of title |
fundamentals and engineering / |
| Statement of responsibility, etc. |
Christopher C. Davis. |
| 260 ## - PUBLICATION, DISTRIBUTION, ETC. |
| Place of publication, distribution, etc. |
Cambridge [England] ; |
| -- |
New York, NY, USA : |
| Name of publisher, distributor, etc. |
Cambridge University Press, |
| Date of publication, distribution, etc. |
1996. |
| 300 ## - PHYSICAL DESCRIPTION |
| Extent |
xxi, 720 p. : |
| Other physical details |
ill. ; |
| Dimensions |
26 cm. |
| 505 ## - FORMATTED CONTENTS NOTE |
| Formatted contents note |
Spontaneous And Stimulated Transitions (Page-1), Optical Frequency Amplifiers (Page-22), Introduction To Two Practical Laser Systems (Page-57), Passive Optical Resonators (Page-68), Optical Resonator Containing Amplifying Media (Page-88), Laser Radiation (Page-108), Control Of Laser Oscillators (Page-126), Optically Pumped Solid-State Lasers (Page-141), Gas Lasers (Page-185), Molecular Gas Laser I (Page-207), Molecular Gas Laser I (Page-225), Tunable Lasers (Page-248), Semiconductor Lasers (Page- 267). |
| 650 #0 - SUBJECT ADDED ENTRY--TOPICAL TERM |
| Topical term or geographic name entry element |
. |
| 650 #0 - SUBJECT ADDED ENTRY--TOPICAL TERM |
| Topical term or geographic name entry element |
Telecommunication Engineering. |
| 856 42 - ELECTRONIC LOCATION AND ACCESS |
| Materials specified |
Publisher description |
| Uniform Resource Identifier |
<a href="http://www.loc.gov/catdir/description/cam026/94043230.html">http://www.loc.gov/catdir/description/cam026/94043230.html</a> |
| 856 42 - ELECTRONIC LOCATION AND ACCESS |
| Materials specified |
Table of contents |
| Uniform Resource Identifier |
<a href="http://www.loc.gov/catdir/toc/cam021/94043230.html">http://www.loc.gov/catdir/toc/cam021/94043230.html</a> |
| 942 ## - ADDED ENTRY ELEMENTS (KOHA) |
| Koha item type |
Reference |
| Source of classification or shelving scheme |
|